Doa-doa pelajar untuk mencapai kecemerlangan dunia & akhirat (Record no. 124722)

MARC details
000 -LEADER
fixed length control field 00785nam a2200253 i 4500
001 - CONTROL NUMBER
control field C2-0324936
003 - CONTROL NUMBER IDENTIFIER
control field PPAK
005 - DATE AND TIME OF LATEST TRANSACTION
control field 20180728123102.0
008 - FIXED-LENGTH DATA ELEMENTS--GENERAL INFORMATION
fixed length control field 140106s2013 my |||| ||||| | may d
020 ## - INTERNATIONAL STANDARD BOOK NUMBER
International Standard Book Number 9839188895 ; 9789839188899
040 ## - CATALOGING SOURCE
Original cataloging agency PPAK
Language of cataloging eng
Transcribing agency PPAK
Description conventions rda
082 04 - DEWEY DECIMAL CLASSIFICATION NUMBER
Classification number 297.3824
Edition number 23
090 00 - LOCALLY ASSIGNED LC-TYPE CALL NUMBER (OCLC); LOCAL CALL NUMBER (RLIN)
Classification number (OCLC) (R) ; Classification number, CALL (RLIN) (NR) 297.3824
Feature heading DOA
Feature heading G
245 00 - TITLE STATEMENT
Title Doa-doa pelajar untuk mencapai kecemerlangan dunia & akhirat
264 #1 - PRODUCTION, PUBLICATION, DISTRIBUTION, MANUFACTURE, AND COPYRIGHT NOTICE
Place of production, publication, distribution, manufacture Batu Caves, Selangor :
Name of producer, publisher, distributor, manufacturer Al-Hidayah Publications ,
Date of production, publication, distribution, manufacture, or copyright notice 2013
300 ## - PHYSICAL DESCRIPTION
Extent xix, 194 pages ;
Dimensions 19 cm
336 ## - CONTENT TYPE
Source rdacontent
Content type term text
337 ## - MEDIA TYPE
Source rdamedia
Media type term unmediated
338 ## - CARRIER TYPE
Source rdacarrier
Carrier type term volume
500 ## - GENERAL NOTE
General note Mengandungi ayat-ayat dari Al-Quran.
650 10 - SUBJECT ADDED ENTRY--TOPICAL TERM
Topical term or geographic name entry element Islam - Prayers and devotions.
700 0# - ADDED ENTRY--PERSONAL NAME
Personal name Md. Fikri Yaaseen,
Relator term compile
942 ## - ADDED ENTRY ELEMENTS (KOHA)
-- dc
Koha item type Book
Holdings
Withdrawn Not for loan Current library Shelving location Date acquired Total Checkouts Full call number Barcode Date last seen Date last checked out Koha item type Total Renewals
    Perpustakaan Alor Setar Pinjaman Dewasa 08/01/2014 5 297.3824 DOA A01431018 13/09/2025 23/08/2025 Book 2
    Perpustakaan Alor Setar Pinjaman Dewasa 08/01/2014   297.3824 DOA A01431019 09/05/2018   Book  
    Perpustakaan Baling Pinjaman Dewasa 08/01/2014 1 297.3824 DOA A01431026 17/12/2018 03/12/2018 Book  
    Perpustakaan Bandar Baharu Pinjaman Dewasa 08/01/2014   297.3824 DOA A01431027 09/05/2018   Book  
    Perpustakaan Jitra Pinjaman Dewasa 08/01/2014 2 297.3824 DOA A01431021 08/09/2019 03/08/2019 Book 1
    Perpustakaan Kuala Nerang Pinjaman Dewasa 08/01/2014   297.3824 DOA A01431028 09/05/2018   Book  
    Perpustakaan Kulim Pinjaman Dewasa 08/01/2014 5 297.3824 DOA A01431023 05/10/2024 14/09/2024 Book  
    Perpustakaan Langkawi Pinjaman Dewasa 08/01/2014 2 297.3824 DOA A01431022 23/12/2019 28/11/2019 Book  
    Perpustakaan Merbok Pinjaman Dewasa 08/01/2014 2 297.3824 DOA A01431030 10/08/2024 27/07/2024 Book